MARC details
| 000 -LEADER |
| fixed length control field |
01974cam a2200373 4500 |
| 001 - CONTROL NUMBER |
| control field |
ABS67268 |
| 008 - FIXED-LENGTH DATA ELEMENTS--GENERAL INFORMATION |
| fixed length control field |
031124n2003 000 0 eng u |
| 035 ## - SYSTEM CONTROL NUMBER |
| System control number |
(Sirsi) u124444 |
| 100 ## - MAIN ENTRY--PERSONAL NAME |
| Personal name |
Driscoll, J. |
| 245 #4 - TITLE STATEMENT |
| Title |
The blocks are off for leaseholders |
| 260 ## - PUBLICATION, DISTRIBUTION, ETC. |
| Date of publication, distribution, etc. |
2003 |
| 490 ## - SERIES STATEMENT |
| Series statement |
Estates Gazette |
| Volume/sequential designation |
(0343) 25 October 2003, 129-131(3) |
| 520 ## - SUMMARY, ETC. |
| Summary, etc. |
Focuses on the enactment of a no-fault-based Right To Manage (RTM) for qualifying leaseholders of flats under the Commonhold and Leasehold Reform Act 2002 Part II, which came into force in England on 30 September 2003. Sets out the qualifying rules for buildings and tenants. Examines the procedures to be followed by leaseholders seeking to exercise their RTM, the responsibilities of the RTM company, the position vis-à-vis management contracts taken out by the landlord, the statutory functions applying to RTM companies, the issue of landlords' contributions to service charges and the several ways in which RTMs could come to an end. |
| 590 ## - LOCAL NOTE (RLIN) |
| Local note |
ABS |
| 650 ## - SUBJECT ADDED ENTRY--TOPICAL TERM |
| Topical term or geographic name entry element |
LANDLORDS |
| 650 ## - SUBJECT ADDED ENTRY--TOPICAL TERM |
| Topical term or geographic name entry element |
MANAGEMENT CONTRACTS |
| 650 ## - SUBJECT ADDED ENTRY--TOPICAL TERM |
| Topical term or geographic name entry element |
SERVICE CHARGES |
| 650 ## - SUBJECT ADDED ENTRY--TOPICAL TERM |
| Topical term or geographic name entry element |
COMMONHOLD AND LEASEHOLD REFORM ACT 2002 S93 |
| 650 ## - SUBJECT ADDED ENTRY--TOPICAL TERM |
| Topical term or geographic name entry element |
COMMONHOLD AND LEASEHOLD REFORM ACT 2002 S94 |
| 650 ## - SUBJECT ADDED ENTRY--TOPICAL TERM |
| Topical term or geographic name entry element |
COMMONHOLD AND LEASEHOLD REFORM ACT 2002 SS98-99 |
| 650 ## - SUBJECT ADDED ENTRY--TOPICAL TERM |
| Topical term or geographic name entry element |
COMMONHOLD AND LEASEHOLD REFORM ACT 2002 SCHED 7 |
| 650 ## - SUBJECT ADDED ENTRY--TOPICAL TERM |
| Topical term or geographic name entry element |
LANDLORD AND TENANT ACT 1927 S19 |
| 650 ## - SUBJECT ADDED ENTRY--TOPICAL TERM |
| Topical term or geographic name entry element |
DEFECTIVE PREMISES ACT 1972 |
| 650 ## - SUBJECT ADDED ENTRY--TOPICAL TERM |
| Topical term or geographic name entry element |
COMMONHOLD AND LEASEHOLD REFORM ACT 2002 SS 75-77 |
| 650 ## - SUBJECT ADDED ENTRY--TOPICAL TERM |
| Topical term or geographic name entry element |
COMMONHOLD AND LEASEHOLD REFORM ACT 2002 SCHED 6 |
| 650 ## - SUBJECT ADDED ENTRY--TOPICAL TERM |
| Topical term or geographic name entry element |
COMMONHOLD AND LEASEHOLD REFORM ACT 2002 |
| 650 ## - SUBJECT ADDED ENTRY--TOPICAL TERM |
| Topical term or geographic name entry element |
RIGHT TO MANAGE |
| 650 ## - SUBJECT ADDED ENTRY--TOPICAL TERM |
| Topical term or geographic name entry element |
COMMONHOLD AND LEASEHOLD REFORM ACT 2002 PART II |
| 650 ## - SUBJECT ADDED ENTRY--TOPICAL TERM |
| Topical term or geographic name entry element |
COMMONHOLD AND LEASEHOLD REFORM ACT 2002 SS79-81 |
| 650 ## - SUBJECT ADDED ENTRY--TOPICAL TERM |
| Topical term or geographic name entry element |
LANDLORD AND TENANT ACT 1987 PART II |
| 650 ## - SUBJECT ADDED ENTRY--TOPICAL TERM |
| Topical term or geographic name entry element |
LANDLORD AND TENANT ACT 1985 SS18-30 |
| 690 ## - LOCAL SUBJECT ADDED ENTRY--TOPICAL TERM (OCLC, RLIN) |
| Topical term or geographic name as entry element |
LANDLORD AND TENANT-LEASEHOLD REFORM |
| 942 ## - ADDED ENTRY ELEMENTS (KOHA) |
| Suppress in OPAC |
0 |